The Great War and American foreign policy, 1914-24 /

Bibliographic Details
Main Author: Hannigan, Robert E. (Author)
Format: Book
Language:English
Published: Philadelphia : University of Pennsylvania Press, [2017]
Series:Haney Foundation series.
Subjects:

MARC

Tag First Indicator Second Indicator Subfields
LEADER 00000cam a2200000 i 4500
001 in00003736613
005 20170926151729.0
008 160608t20172017pau b 001 0 eng c
010 |a  2016026518 
020 |a 9780812248593  |q hardcover :  |q alkaline paper 
020 |a 0812248597  |q hardcover :  |q alkaline paper 
035 |a (OCoLC)ocn952139164 
040 |a PU/DLC  |e rda  |c DLC  |d UtOrBLW 
043 |a n-us--- 
049 |a TXAM 
050 0 0 |a D619  |b .H275 2017 
082 0 0 |a 940.83/2273  |2 23 
100 1 |a Hannigan, Robert E.,  |e author.  |0 http://id.loc.gov/authorities/names/n2002032324 
245 1 4 |a The Great War and American foreign policy, 1914-24 /  |c Robert E. Hannigan. 
264 1 |a Philadelphia :  |b University of Pennsylvania Press,  |c [2017] 
264 4 |c ©2017 
300 |a xii, 354 pages ;  |c 24 cm. 
336 |a text  |b txt  |2 rdacontent 
337 |a unmediated  |b n  |2 rdamedia 
338 |a volume  |b nc  |2 rdacarrier 
490 1 |a Haney Foundation series 
504 |a Includes bibliographical references and index. 
600 1 0 |a Wilson, Woodrow,  |d 1856-1924.  |0 http://id.loc.gov/authorities/names/n79046299 
650 0 |a World War, 1914-1918  |z United States.  |0 http://id.loc.gov/authorities/subjects/sh2010118155 
650 0 |a World War, 1914-1918  |x Diplomatic history.  |0 http://id.loc.gov/authorities/subjects/sh2007004506 
651 0 |a United States  |x Foreign relations  |y 1913-1921.  |0 http://id.loc.gov/authorities/subjects/sh85140092 
651 0 |a United States  |x Foreign relations  |y 1921-1923.  |0 http://id.loc.gov/authorities/subjects/sh85140093 
651 0 |a United States  |x Foreign relations  |y 1923-1929.  |0 http://id.loc.gov/authorities/subjects/sh85140094 
830 0 |a Haney Foundation series.  |0 http://id.loc.gov/authorities/names/no97053758 
945 |b 924814 
947 |a A14850014433 
948 |a cataloged  |b h  |c 2017/1/19  |d c  |e dmitchel  |f 4:00:00 pm 
994 |a 92  |b TXA 
999 f f |s 1cb399e5-63cc-3416-8d03-76e3cc59c12c  |i e9a2287c-a48e-3491-80a3-42c1278ea37b  |t 0 
952 f f |p normal  |a Texas A&M University  |b College Station  |c Sterling C. Evans Library  |d Evans: Library Stacks  |t 0  |e D619 .H275 2017  |h Library of Congress classification  |i unmediated -- volume  |m A14850014433 
998 f f |a D619 .H275 2017  |t 0  |l Evans: Library Stacks